New Year in Different Languages - Statistics

General Stats
  • This quiz has been taken 41 times
  • The average score is 11 of 15
Answer Stats
Hint Answer % Correct
Nouvelle année French
97%
новый год Russian
97%
Año Nuevo Spanish
97%
Nieuwjaar Dutch
94%
Neujahr German
94%
Νέος χρόνος Greek
90%
Nyår Swedish
87%
Capodanno Italian
74%
Blwyddyn Newydd Welsh
74%
Нова година Bulgarian
65%
Yılbaşı Turkish
61%
Nuw Jaar Afrikaans
58%
Mwaka mpya Swahili
42%
Jaunais gads Latvian
39%
Bagong Taon Filipino
32%
No matching quizzes found
Score Distribution
Percent of People with Each Score
Percentile by Number Answered
Your Score History
You have not taken this quiz